| 000 | 00790nam a2200205 i 4500 | ||
|---|---|---|---|
| 001 | 80465 | ||
| 003 | ES-MaACL | ||
| 005 | 20230906174224.0 | ||
| 007 | t| | ||
| 008 | 041028s1975 sp 01110dspa d | ||
| 020 | _a84-500-6869-X | ||
| 080 | _a929:63 Columela, Lucio Junio Moderato | ||
| 110 | 2 |
_aAsociación de Publicistas y Escritores Agrarios Españoles. _91630 |
|
| 245 | 1 | 0 |
_aHomenaje nacional a Lucio Junio Moderato Columela / _c[organizado por la Asociación de Publicistas y Escritores Agrarios Españoles]. |
| 260 |
_aCádiz : _bAsociación de Publicistas y Escritores Agrarios Españoles, _c1975. |
||
| 300 |
_a144 p., 1 lám. ; _c25 cm. |
||
| 600 | 1 | 4 |
_aColumela, Lucio Junio Moderato. _939911 |
| 700 | 1 |
_aColumela, Lucio Junio Moderato. _939911 |
|
| 852 |
_aES-MaACL _jE-8276 |
||
| 999 |
_c80465 _d80465 |
||